| 000 | 00427nam a2200145Ia 4500 | ||
|---|---|---|---|
| 008 | 230917s9999||||xx |||||||||||||| ||und|| | ||
| 040 |
_e100937 _aMAIN |
||
| 041 | _aEnglish | ||
| 082 | _a341.2 M 897 A | ||
| 100 | _aMuldoon, James P | ||
| 245 | 4 | _aThe Architecture of Global Governance: An introduction to the study of international organizations | |
| 260 |
_aOxford _bWestview _c2004 |
||
| 300 | _axiv, 322 p. | ||
| 942 | _cBK | ||
| 999 |
_c122423 _d122423 |
||